Contribution of Bharat ratnas to India (Record no. 356643)

MARC details
000 -LEADER
fixed length control field 00543nam a22001937a 4500
005 - DATE & TIME
control field 20240903095007.0
008 - FIXED-LENGTH DATA ELEMENTS--GENERAL INFORMATION
fixed length control field 240902b |||||||| |||| 00| 0 eng d
020 ## - ISBN
International Standard Book Number 9788195198757
Price Rs. 625.00
040 ## - CATALOGING SOURCE
Original cataloging agency VIVEKANANDA LIBRARY
082 ## - DDC NUMBER
Classification number B.08
Book Number T188C
100 ## - MAIN ENTRY--PERSONAL NAME
Personal name Tater,Sohan Raj, ed.
110 ## - MAIN ENTRY--CORPORATE NAME
Corporate name Tater, Sohan Raj, ed.
245 ## - TITLE STATEMENT
Title Contribution of Bharat ratnas to India
260 ## - PUBLICATION, DISTRIBUTION, ETC. (IMPRINT)
Place of publication, distribution, etc Jaipur
Name of publisher, distributor, etc Nikhil Prakashan
Date of publication, distribution, etc 2022
300 ## - PHYSICAL DESCRIPTION
Pages 239
650 ## - Subject
Subject India- Bharat Ratnas- Polticians
650 ## - Subject
Subject Biography- Bharat Ratnas
942 ## - ADDED ENTRY ELEMENTS (KOHA)
Koha item type Books
Holdings
Withdrawn status Lost status Source of classification or shelving scheme Damaged status Not for loan Location (home branch) Sublocation or collection (holding branch) Shelving location Date acquired Koha issues (times borrowed) Koha full call number Accession No. Koha date last seen Koha item type
    Dewey Decimal Classification     VIVEKANANDA LIBRARY VIVEKANANDA LIBRARY Vivekananda Library 02/09/2024   B.08 T188C 314291 02/09/2024 Books
© Designed and Maintained by Vivekananda Library, MDU Rohtak